| 000 | 02048cam a22004694i 4500 | ||
|---|---|---|---|
| 003 | PE-LiUPU | ||
| 005 | 20250731172826.0 | ||
| 008 | 150617s1988 na r 000 0 spa d | ||
| 020 | _a8429308180 | ||
| 035 | _a(Sirsi) i9788429308181 | ||
| 040 |
_aPE-LiUPU _bspa _cPE-LiUPU _erda |
||
| 049 | _aPRUA | ||
| 082 | 0 | 4 |
_a282.01 _bM26 _221 |
| 100 | 1 |
_aMardones, José M., _eautor. |
|
| 245 | 1 | 0 |
_aPostmodernidad y cristianismo : _bel desafío del fragmento / _cJosé M. Mardones. |
| 264 | 1 |
_aSantander : _bSal Terrae, _c1988. |
|
| 300 |
_a155 páginas ; _c21 centímetros. |
||
| 336 |
_atext _2rdacontent |
||
| 337 |
_aunmediated _2rdamedia |
||
| 338 |
_avolume _2rdacarrier |
||
| 490 | 0 |
_aColección: "Presencia Teológica" ; _v50 |
|
| 505 | 0 | _aEl umbral de la postmodernidad: rasgos distintivos de la modernidad gravida de postmodernidad -- La muerte de Dios, o la razón moderna y la postmodernidad: la critica moderna a la razón ilustrada -- La utopia postmoderna: la sociedad y el hombre postmodernos -- La critica postmoderna de la religión -- La postmodernidad y el Dios cristiano -- La religiosidad postmoderna -- La teología en la postmodernidad: postmodernidad y cambio de paradigma en la teología -- El desafio postmoderno, o llamados a dialogar con el fragmento. | |
| 526 | _aSEG42 | ||
| 526 | _aSEG41 | ||
| 526 | _aSEG40 | ||
| 526 | _aSEG39 | ||
| 526 | _aP94 | ||
| 526 | _aP87 | ||
| 526 | _aP86 | ||
| 526 | _aP85 | ||
| 526 | _aP77 | ||
| 526 | _aP76 | ||
| 526 | _aP35 | ||
| 650 | 0 | 4 |
_aCristianismo y cultura _ySiglo XX. |
| 910 |
_ajck _bjvq _cjck _d20150616 |
||
| 942 |
_2ddc _cBOOK |
||
| 949 |
_a282.01 M26 _wDEWEY _c1 _i31241 _lCCODEBUL1 _mBUL _r0 _sY _tBOOK _u2015-6-17 _xTEOLOGIA _PP35 _0COMPRA _o.STAFF. Colección Teología |
||
| 994 |
_aC0 _bPEPRU |
||
| 596 | _a1 | ||
| 999 |
_a282.01 M26 _wDEWEY _c5692 _i31241 _d5692 _e2017-6-28 _f2021-11-11 _g5 _lCCODEBUL1 _mBUL _n1 _p18.00 _r0 _sY _tBOOK _u2015-6-17 _xTEOLOGIA _PP35 _0COMPRA _o.STAFF. Colección Teología |
||
| 980 |
_81 _gALBERTO SANCHEZ Responsable de Automatización |
||